[Event "ESP-ch Rapid 2018"]
[Site "Linares"]
[Date "2018.08.19"]
[Round "3"]
[White "Sande Edreira, Jose Antonio"]
[Black "Sanjuan Garcia, Miguel"]
[Result "1-0"]
[WhiteElo "2230"]
[BlackElo "2115"]
[Annotator "TA"]
[PlyCount "97"]
[EventDate "2018.08.19"]
[EventType "team-tourn"]
[EventCountry "ESP"]
[SourceTitle "playchess.com"]
[Source "ChessBase"]
[SourceQuality "1"]

{[%evp 16,97,36,22,43,22,77,77,122,108,100,95,109,77,97,75,66,67,56,36,85,62,113,25,22,21,18,0,45,25,29,0,11,-16,-17,-29,26,0,5,0,19,0,30,-26,35,0,0,0,57,17,57,48,78,0,0,0,0,0,0,-63,-63,-65,0,0,0,0,0,0,0,0,0,0,0,0,0,0,0,0,0,0,79,79,29997,29998]} 1. c4 Nf6 2. g3 g6 3. Bg2 Bg7 4. Nc3 O-O 5. e4 d6 6. Nge2 e5 7. O-O Nc6 8. d3 Be6 9. f4 {[%cal Bf2f4,Bf4f5,Bf5f6][%mdl 32] LiveBook: 9 Games} Qc8 {A26: English Opening vs King's Indian with ...Nc6 and d3} (9... Qd7 10. Nd5 Bg4 11. Ne3 Bxe2 12. Qxe2 Nd4 13. Qd1 exf4 14. gxf4 c6 15. Bd2 Rae8 16. Bc3 Nh5 17. f5 Qd8 18. Ng4 Qg5 19. Bd2 Qh4 20. f6 Nxf6 21. Nxf6+ Bxf6 22. Rf4 Qg5 23. Rf5 Qh4 24. Rf4 {½-½ (24) Donnenfeld,P (2495)-Dullemond,H (2410) ICCF email 2003}) 10. Nd5 Bh3 $146 (10... Bg4 $11 {keeps the balance.}) ({Predecessor:} 10... Bg4 11. Ne3 Bxe2 12. Qxe2 Nd4 13. Qd1 Qd8 14. f5 Nd7 15. Bh3 c6 16. Bd2 a5 17. Rf2 {1-0 (66) Papadopoulos,I (2226)-Zakarian,D (2246) Thessaloniki 2003}) 11. f5 $16 Bxg2 {White is better.} 12. Nxf6+ Bxf6 13. Kxg2 Qd8 14. Bh6 Bg7 15. Bxg7 Kxg7 16. f6+ Kh8 17. Qd2 Rg8 18. h4 Qf8 {[#]} (18... Qd7 $14) 19. g4 ({White should play} 19. Nc3 $1 $16) 19... h6 $11 20. g5 Kh7 21. Rf3 Re8 22. Rh1 (22. Rg3 {seems wilder.} h5 23. b4 Nd8 24. a4 Ne6 25. a5) 22... h5 23. Qd1 Rb8 24. Ng3 Rh8 25. Ne2 {[%cal Bg3e2,Be2c3,Bc3d5][%mdl 32]} Kg8 (25... b5 $142) 26. Rf2 Qc8 27. Nc3 Kf8 28. Nd5 Qd7 29. Rhf1 (29. b4 $142) 29... Rg8 (29... a5 $11) 30. Ne7 Rh8 31. Nxc6 Qxc6 (31... bxc6 $11 32. Rc2 Kg8) 32. Qf3 Qd7 33. Rd1 c5 {[#]} 34. Rb1 (34. b4 $1 $16) 34... a5 35. b3 b5 36. cxb5 Rxb5 37. Rc2 ({White should try} 37. d4 $1 $11 cxd4 38. Rc2) 37... Kg8 $15 38. Qh3 Qxh3+ ({Better is} 38... Qb7 $15) 39. Kxh3 {[%mdl 4096] Endgame KRR-KRR} Kf8 40. d4 exd4 {[#]} 41. e5 $1 {[%mdl 512]} Ke8 {...Kd7 is the strong threat.} (41... dxe5 42. a4) 42. exd6 Kd7 {Threatens to win with ...a4.} 43. a4 Rb4 44. Rxc5 Kxd6 45. Rxa5 Rc8 46. Ra7 Rc3+ 47. Kg2 Ke6 (47... d3 $11) 48. Re7+ $16 Kf5 $2 {[%mdl 8192]} (48... Kd6 $16) 49. Rf1+ {Precision: White = 37%, Black = 47%.} 1-0

[Event "ESP-ch Rapid 2018"]
[Site "Linares"]
[Date "2018.08.19"]
[Round "3"]
[White "Perera Borrego, Maria Adela"]
[Black "Izquierdo Puertas, Carlos"]
[Result "1/2-1/2"]
[WhiteElo "2177"]
[BlackElo "2010"]
[Annotator "TA"]
[PlyCount "143"]
[EventDate "2018.08.19"]
[EventType "team-tourn"]
[EventCountry "ESP"]
[SourceTitle "playchess.com"]
[Source "ChessBase"]
[SourceQuality "1"]

{[%evp 18,143,14,-13,-14,-8,-46,-29,9,0,0,0,0,-8,-1,-6,14,15,29,24,20,21,45,64,70,0,0,0,7,0,0,0,0,-43,-52,-56,-49,-72,-77,-128,-124,-137,-17,-123,-120,-129,-122,-106,-112,-160,-164,-271,-12,-17,0,0,0,0,0,0,38,0,0,-71,-29,-101,-99,-86,-8,-86,-86,-86,-86,-140,-140,-513,-508,-513,-484,-586,-546,-387,-8,-8,-8,-8,-8,-8,-8,-8,-8,-8,-8,-8,-8,-8,-8,-82,0,-102,-102,-99,0,0,0,-7522,-7039,-945,0,0,0,0,0,0,0,0,0,0,0,0,8,0,0,0,0,0,0,0]} 1. d4 Nf6 2. Nf3 d5 3. g3 e6 4. Bg2 Be7 5. O-O O-O 6. b3 b6 7. Bb2 Bb7 8. c4 Nbd7 9. Nbd2 Ne4 10. Nxe4 dxe4 {E17: Queen's Indian: 4 g3 Bb7 5 Bg2 Be7} 11. Nd2 f5 12. e3 Bf6 {Black has an edge.} 13. f3 exf3 14. Nxf3 $146 ({Predecessor:} 14. Bxf3 Bxf3 15. Nxf3 Qe8 16. Qc2 Qg6 17. Rae1 c5 18. Re2 {½-½ (44) Li,F (2186)-Mancini,M (2268) Pau 2008}) 14... Qe7 15. Qe2 Rae8 16. Rad1 g5 17. Ne1 Bxg2 18. Qxg2 c5 19. Qb7 cxd4 20. exd4 Rb8 21. Qxa7 ({White should play} 21. Qg2 $14) 21... Ra8 $36 {[%mdl 2048] Black is pushing.} 22. Qb7 Rfb8 23. Qg2 Rxa2 24. Rf2 Bg7 25. Bc3 Rxf2 26. Qxf2 Nf6 27. Qf3 Ne4 28. Bb2 (28. Nc2 $142) 28... Ra8 $17 29. g4 Rf8 (29... Ra2 $17 30. gxf5 exf5) 30. gxf5 (30. Nc2 $11) 30... exf5 31. Nd3 g4 $1 {[%cal Rg4f3]} 32. Qe2 Qh4 {Hoping for ...g3.} 33. Qg2 Ng5 34. Ne5 (34. Qg3 $142 Qh6 35. Ne5) 34... Nh3+ $2 (34... Rd8 $19 35. Rf1 Bxe5 36. dxe5 f4 $1 {[%mdl 512]}) 35. Kf1 $11 Nf4 36. Qg3 Qxg3 $1 37. hxg3 Nh5 38. Kg2 Nf6 39. Nd3 Ne4 40. Nf4 (40. b4 $11) 40... Ra8 $17 41. Ra1 (41. Re1 $11 {keeps the balance.}) 41... Rxa1 42. Bxa1 {[%mdl 4096] Endgame KBN-KBN} Kf7 (42... Nd2 $1 $17 43. Ne6 Bf6) 43. Nd5 (43. b4 $1 $11) 43... Nd2 44. Nxb6 Nxb3 45. Bc3 ({White should try} 45. c5 Bxd4 46. Bxd4 Nxd4 47. Kf2) 45... Bxd4 46. Nd5 $2 {[%mdl 8192]} (46. Bxd4 $17 {was the crucial defense.} Nxd4 47. c5) 46... Bxc3 $19 47. Nxc3 {KN-KN} Ke6 48. Kf2 Ke5 49. Ke3 h5 $2 (49... Nc5 $19 {White must now prevent ...h5.} 50. Kf2 f4 51. gxf4+ Kxf4 52. Nd5+ Kg5) 50. Ne2 $1 $11 Na5 51. c5 Nc4+ 52. Kd3 Kd5 53. Nf4+ Kxc5 54. Nxh5 Nd6 55. Ke3 Kd5 56. Kf4 Ke6 57. Kg5 (57. Ng7+ $11 Kf6 58. Nxf5 $1 {[%mdl 512]} Nxf5 59. Kxg4) 57... Ne4+ (57... Ke5 $17 58. Kh4 Nb5) 58. Kg6 (58. Kf4 $11) 58... Ke5 $17 59. Kh6 Nxg3 (59... Nd6 $17 60. Kg5 Ke4) 60. Nxg3 {KN-KPP} f4 (60... Kf4 $5 61. Nh5+ $8 Ke3 $11) 61. Nf1 $2 {[%mdl 8192]} (61. Ne2 $11) 61... g3 $19 62. Nd2 {[#]} Kf5 $2 (62... Kd4 $1 $19 63. Kg5 Ke3 64. Nc4+ Ke2 65. Kxf4 g2) 63. Kh5 $11 {The position is equal.} g2 64. Nf3 Ke4 65. Kg4 Ke3 66. Ng1 Kf2 67. Nf3 Ke3 68. Ng1 Ke4 69. Nf3 Ke3 70. Ng1 Kf2 71. Nf3 Ke3 72. Ng1 {Precision: White = 35%, Black = 55%.} 1/2-1/2

[Event "ESP-ch Rapid 2018"]
[Site "Linares"]
[Date "2018.08.19"]
[Round "3"]
[White "Fernandez De Bobadilla, Gabriel"]
[Black "Roldan Marques, Daniel"]
[Result "1/2-1/2"]
[WhiteElo "2175"]
[BlackElo "2161"]
[Annotator "TA"]
[PlyCount "162"]
[EventDate "2018.08.19"]
[EventType "team-tourn"]
[EventCountry "ESP"]
[SourceTitle "playchess.com"]
[Source "ChessBase"]
[SourceQuality "1"]

{[%evp 12,162,27,6,73,70,77,74,72,68,77,70,68,67,69,64,56,22,69,61,83,85,87,85,96,79,83,78,77,72,91,88,137,128,129,104,101,95,95,95,100,90,94,94,102,98,118,85,81,-6,-10,-7,-7,-46,67,60,72,69,81,89,104,100,103,42,72,71,101,73,73,75,90,45,47,46,47,11,11,12,20,39,43,12,112,14,14,15,90,6,6,6,7,6,7,7,7,7,7,7,7,7,8,0,0,0,0,0,0,0,8,8,8,8,8,8,8,0,8,0,0,0,8,0,0,0,8,0,0,0,8,0,0,0,8,0,8,8,8,8,8,8,9,8,8,0,16,0,8,0,31,8,8,-8,-8]} 1. d4 d5 2. c4 e6 3. Nc3 c6 4. e3 f5 5. Qc2 Nf6 6. Bd3 Bd6 7. cxd5 {LiveBook: 28 Games. A84: Dutch Defence: 2 c4 Miscellaneous} (7. Nge2 Ne4 8. g3 O-O 9. f3 Nxc3 10. bxc3 e5 11. dxe5 Bxe5 12. O-O Na6 13. Ba3 Rf7 14. cxd5 Qa5 15. f4 {0-1 (52) Ivanov,S (2556)-Krasenkow,M (2610) Stockholm 2016}) 7... exd5 (7... cxd5 $11 {remains equal.} 8. Nb5 Nc6) 8. Bxf5 $16 Bxf5 9. Qxf5 {White is better.} O-O 10. Qe6+ $146 ({Predecessor:} 10. Nf3 Qe7 11. Bd2 Nbd7 12. h4 Ne4 13. Qh3 Ndf6 14. Nxe4 Nxe4 {0-1 (44) Zaja,I (2443)-Lukasiewicz,G (2362) Cannes 1999}) 10... Kh8 11. Nf3 Re8 12. Qf5 Qe7 13. Bd2 Nbd7 14. O-O Rf8 15. Ng5 Rae8 16. e4 g6 17. Qh3 Nxe4 18. Ngxe4 dxe4 19. Rae1 Nf6 20. Bh6 Rf7 21. Bg5 Bb4 22. Rxe4 $1 Qf8 23. Bxf6+ Rxf6 24. Qe3 Rxe4 25. Nxe4 Re6 26. Rd1 Qf5 27. f3 {Hoping for Qb3.} Ba5 28. Qb3 Bb6 29. Kh1 Qd5 30. Nc3 (30. Qb4 $16 {[%cal Rb4f8]} Kg7 31. a4) 30... Qxb3 $11 31. axb3 Bxd4 {[%mdl 4096] Endgame KRB-KRN} 32. Ne4 Bb6 ({Black should play} 32... c5 $15) 33. Rd7 $14 h6 34. Rxb7 Re8 35. Rd7 Rd8 36. Rxd8+ Bxd8 $16 {KB-KN} 37. Nd6 (37. f4 $16) 37... Bf6 38. Nc4 Bd4 39. g3 Kg7 40. Kg2 Kf6 41. Kf1 Ke6 42. Ke2 Kd5 43. h3 Kc5 44. Kd3 {Strongly threatening b4+!} Bf6 45. f4 Kb4 46. Kc2 g5 (46... Kc5 $11) 47. fxg5 (47. Nd2 $16) 47... hxg5 $11 48. Ne3 Be5 {[#]} (48... Kc5 $11 {keeps the balance.}) 49. g4 (49. h4 $1 $16 {[%cal Rh4g5]} gxh4 50. gxh4) 49... Bf6 50. Nc4 a6 51. Nd2 a5 52. Ne4 Be7 53. Nf2 Bf6 54. Nd3+ Kb5 55. Kd2 c5 56. Ke3 c4 57. bxc4+ Kxc4 58. Kd2 Kb3 59. Kc1 a4 {[#] aiming for ...Bxb2+!} 60. Nc5+ Kb4 $1 {[%cal Rb4c5]} 61. Ne4 Be7 62. Kc2 Kc4 63. Nd2+ Kb4 64. Kd3 Bf6 65. Kc2 Be7 66. Nb1 Bf6 67. Nd2 Be7 68. Kd3 Bf6 69. Kc2 Be7 70. Nb1 Bf6 71. Nd2 Be7 72. Ne4 Kc4 73. Nc3 a3 74. bxa3 Bxa3 75. Ne4 Be7 76. Ng3 Bb4 77. Ne4 Be7 78. Ng3 Bb4 79. Ne4 Be7 80. Kd1 Kd3 81. Nxg5 Bxg5 {Precision: White = 44%, Black = 57%.} 1/2-1/2

[Event "ESP-ch Rapid 2018"]
[Site "Linares"]
[Date "2018.08.19"]
[Round "3"]
[White "Dominguez Alcon, Victor"]
[Black "Fernandez Calzada, Juan A"]
[Result "1-0"]
[WhiteElo "2172"]
[BlackElo "1692"]
[Annotator "TA"]
[PlyCount "45"]
[EventDate "2018.08.19"]
[EventType "team-tourn"]
[EventCountry "ESP"]
[SourceTitle "playchess.com"]
[Source "ChessBase"]
[SourceQuality "1"]

{[%evp 21,45,28,73,38,78,39,84,86,246,108,279,289,395,409,486,480,488,481,516,519,521,512,520,497,508,500]} 1. d4 Nf6 2. c4 c5 3. Nf3 {[%cal Bg1f3,Bf3d4,Bd4c2,Bc2e3][%mdl 32]} g6 4. Nc3 cxd4 5. Nxd4 Bg7 6. g3 a6 7. Bg2 O-O 8. O-O Nc6 9. Nc2 d6 10. b3 Rb8 {A38: Symmetrical English vs ...g6: 4 Bg2 Bg7 5 Nf3 Nf6} (10... Qa5 11. Nd5 Be6 12. Bd2 Qd8 13. Rc1 Rc8 14. Nce3 Re8 15. Bc3 Ng4 16. Nxg4 Bxg4 17. Bxg7 Kxg7 18. Qd2 {1-0 (35) Timofeev,A (2670)-Maslak,K (2544) Moscow 2008}) 11. Bb2 Qc7 {LiveBook: 5 Games} 12. Rc1 Bd7 {White is slightly better.} 13. Ne3 e6 $146 ({Predecessor:} 13... Qa5 14. a3 Rfc8 15. b4 Qh5 16. Re1 b5 17. cxb5 axb5 18. Qd2 Ne5 {1-0 (37) Wittenberg,A (2129)-Heck,N (2324) Dresden 2009}) 14. Qd2 Rfd8 $2 {[#]} (14... Ne8 $16) 15. Rfd1 (15. Ncd5 $1 $18 {[%cal Rd5c7][%mdl 512]} exd5 16. Bxf6 dxc4 17. Bxd8 Rxd8 18. Rxc4 (18. Nxc4 d5 $18) (18. bxc4 Be6 $18)) 15... Be8 $2 {[#]} (15... Ne8 $16 {keeps fighting.}) 16. Ncd5 $1 $18 {[%cal Rd5c7][%mdl 512]} Nxd5 (16... exd5 17. Bxf6) 17. cxd5 Qa5 18. dxc6 {White is clearly winning.} Qxd2 19. Rxd2 Bxb2 20. Rxb2 bxc6 21. Bxc6 d5 22. Bxe8 Rxe8 23. Rc7 {Precision: White = 45%, Black = 14%.} 1-0

[Event "ESP-ch Rapid 2018"]
[Site "Linares"]
[Date "2018.08.19"]
[Round "3"]
[White "Riquelme Valero, Manuel Damian"]
[Black "Guerrero Romero, Antonio"]
[Result "1-0"]
[WhiteElo "2150"]
[BlackElo "1895"]
[Annotator "TA"]
[PlyCount "89"]
[EventDate "2018.08.19"]
[EventType "team-tourn"]
[EventCountry "ESP"]
[SourceTitle "playchess.com"]
[Source "ChessBase"]
[SourceQuality "1"]

{[%evp 14,89,36,-14,12,12,26,0,70,67,45,45,95,-56,162,169,316,273,556,211,412,135,139,135,134,159,535,248,270,150,134,0,172,74,85,92,106,58,165,29,26,16,169,162,174,166,216,210,404,389,403,387,790,750,805,704,29983,714,29990,634,799,240,239,227,218,213,212,115,115,114,119,119,213,214,450,88,269,217]} 1. d4 d5 2. c4 Nf6 3. Nc3 e6 4. Nf3 Be7 5. Bf4 c6 6. e3 O-O 7. Qc2 Nbd7 8. O-O-O {LiveBook: 6 Games} dxc4 {D37: Queen's Gambit Declined: 5 Bf4} (8... Qa5 9. Nd2 a6 10. c5 Re8 11. Bd3 Qd8 12. Nf3 Nf8 13. Na4 N6d7 14. h4 b5 15. Nc3 a5 16. Ng5 {1-0 (37) Hess,R (2568)-Wang,A (2330) Las Vegas 2017}) 9. Bxc4 b5 10. Bd3 Qa5 ({Black should try} 10... Bb7 $11) 11. Kb1 Bb7 12. Ne5 $1 Rfd8 13. g4 $146 (13. Ne4 $16) ({Predecessor:} 13. Ne4 Nd5 14. Ng5 Nxe5 15. Bxh7+ Kf8 16. dxe5 {0-1 (32) Veltmann,M-Zugic,I (2165) Toronto 1997}) 13... Nf8 $2 (13... c5 $1 $15 {keeps the upper hand.} 14. g5 c4 15. Bxc4 bxc4 16. gxf6 Bxf6 17. Nxd7 Rxd7) 14. g5 $1 $36 {[%cal Rg5f6][%mdl 2048] White is in control.} Nd5 (14... N6d7 {was necessary.}) 15. Nxd5 cxd5 $2 {[#]} (15... Rxd5 16. Nxc6 Bxc6) 16. Qe2 $2 (16. Bxh7+ $1 {[%mdl 512]} Nxh7 17. g6) 16... b4 $2 (16... Rd6 17. Rc1 (17. Bxb5 Rb6 $14) (17. Qh5 Ng6 $14) 17... Ra6) 17. Rc1 $2 (17. Qh5 $18 Ng6 18. Nxf7 $1 {[%mdl 512]} (18. Nxg6 hxg6 19. Qe2 Bd6 $16) 18... Kxf7 19. Qxh7 Nxf4 20. exf4) 17... Rac8 $16 18. h4 Rxc1+ 19. Rxc1 Qb6 $2 (19... Bd6 $16 20. h5 Rc8) 20. h5 (20. Qh5 $142 g6 21. Qf3 (21. Qh6 b3 $16)) 20... Rc8 21. Rxc8 (21. Rh1 $18) 21... Bxc8 22. g6 (22. h6 $16 g6 23. Bb5) 22... f5 $2 (22... hxg6 $11 23. Bg3 (23. hxg6 f6 $14) 23... gxh5) 23. f3 (23. Bb5 $18) 23... Bf6 24. gxh7+ $1 Kxh7 25. Ng4 {Black must now prevent h6.} Nd7 (25... Be7 $14) 26. Nxf6+ (26. Qc2 $18 Ba6 27. Bxf5+ $1 {[%mdl 512]} exf5 28. Qxf5+ Kh8 29. Qxd7) 26... Nxf6 $11 27. Be5 Qd8 $2 (27... Nxh5 $11 {and Black stays safe.} 28. Qh2 Kg6) 28. Qh2 $1 $18 Bd7 {[#]} 29. Qh4 $1 Qg8 {[#]} 30. Qg5 $1 {[%cal Rg5g6]} Ba4 $2 (30... Be8 {is a better defense.} 31. h6 Qf7 32. hxg7 Nd7) 31. Qg6+ Kh8 32. h6 {Strongly threatening hxg7+.} Ne8 $2 (32... Qh7 33. Qg5 Qxh6 34. Qxh6+ gxh6 35. Bxf6+ Kg8) 33. e4 dxe4 34. fxe4 b3 35. a3 (35. exf5 $142 bxa2+ 36. Ka1 Qh7 37. Qxe6 Bb5 38. Bxb5 Nf6 39. hxg7+ Qxg7 40. Bxf6) 35... Bd7 36. Bc4 (36. exf5 $142 Qh7 37. Qxh7+ Kxh7 38. fxe6+ Kxh6 39. exd7 Nf6 40. d8=Q Kg5 41. d5) 36... fxe4 37. Qxe4 $2 (37. hxg7+ Nxg7 38. Bxb3) 37... Qh7 38. hxg7+ Nxg7 39. Qxh7+ Kxh7 40. Bxg7 (40. Bxb3 $18 {Bc4 is the strong threat.} Kg6 41. Kc2) 40... Kxg7 $16 41. Bxb3 $18 {KB-KB} Kf6 42. Kc2 Bb5 (42... e5 $16) 43. Kc3 e5 $2 (43... a5 44. Bc4 Bd7) 44. d5 $2 (44. dxe5+ $18 {has better winning chances.} Kxe5 45. Kb4) 44... Bd7 $2 (44... Ke7 $16 {was called for.}) 45. Kb4 {Precision: White = 34%, Black = 14%.} 1-0

[Event "ESP-ch Rapid 2018"]
[Site "Linares"]
[Date "2018.08.19"]
[Round "3"]
[White "Gomez Sanjuan, Hector Fernando"]
[Black "Matnadze, Ana"]
[Result "0-1"]
[WhiteElo "2146"]
[BlackElo "2378"]
[Annotator "NA"]
[PlyCount "106"]
[EventDate "2018.08.19"]
[EventType "team-tourn"]
[EventCountry "ESP"]
[SourceTitle "playchess.com"]
[Source "ChessBase"]
[SourceQuality "1"]
[TimeControl "900+5"]

1. d4 {[%emt 0:00:00]} Nf6 {[%emt 0:00:00]} 2. c4 {[%emt 0:00:02]} e6 {[%emt 0:00:00]} 3. Nf3 {[%emt 0:00:04]} d5 {[%emt 0:00:01]} 4. cxd5 {[%emt 0:00:01]} exd5 {[%emt 0:00:01]} 5. Nc3 {[%emt 0:00:02]} c6 {[%emt 0:00:02]} 6. Bg5 {[%emt 0:00:03]} Nbd7 {[%emt 0:00:03]} 7. e3 {[%emt 0:00:06]} Be7 {[%emt 0:00:02]} 8. Bd3 {[%emt 0:00:02]} Nf8 {[%emt 0:00:01]} 9. O-O {[%emt 0:00:11]} Ne6 {[%emt 0:00:01]} 10. Bh4 {[%emt 0:00:02]} g6 {[%emt 0:00:02]} 11. Rb1 {[%emt 0:00:21]} a5 {[%emt 0:00:03]} 12. a3 {[%emt 0:00:11]} Ng7 {[%emt 0:00:02]} 13. b4 {[%emt 0:00:06]} axb4 {[%emt 0:00:03]} 14. axb4 {[%emt 0:00:01]} O-O {[%emt 0:00:04]} 15. b5 {[%emt 0:00:53]} cxb5 {[%emt 0:01:07]} 16. Rxb5 {[%emt 0:00:28]} Ne4 {[%emt 0:01:28]} 17. Rxd5 {[%emt 0:01:37]} Nxc3 {[%emt 0:00:30]} 18. Rxd8 {[%emt 0:00:04]} Nxd1 {[%emt 0:00:03]} 19. Rxf8+ {[%emt 0:00:46]} Kxf8 {[%emt 0:00:52]} 20. Bxe7+ {[%emt 0:00:11]} Kxe7 {[%emt 0:00:02]} 21. Rxd1 {[%emt 0:00:01]} Ra3 {[%emt 0:00:19]} 22. Bc4 {[%emt 0:00:37]} Rc3 {[%emt 0:00:37]} 23. Bf1 {[%emt 0:00:35]} Bf5 {[%emt 0:00:10]} 24. Ne5 {[%emt 0:00:32]} Be4 {[%emt 0:00:51]} 25. f3 {[%emt 0:00:21]} Bd5 {[%emt 0:00:01]} 26. e4 {[%emt 0:00:12]} Ba2 {[%emt 0:00:30]} 27. d5 {[%emt 0:00:47]} Ne8 {[%emt 0:00:14]} 28. Rd2 {[%emt 0:00:12]} Bb3 {[%emt 0:00:38]} 29. Nd3 {[%emt 0:00:12]} Nd6 {[%emt 0:00:22]} 30. Nc5 {[%emt 0:00:14]} Rxc5 {[%emt 0:00:03]} 31. e5 {[%emt 0:00:04]} Nc4 {[%emt 0:00:25]} 32. Rd3 {[%emt 0:00:26]} Ba2 {[%emt 0:00:39]} 33. f4 {[%emt 0:00:07]} b5 {[%emt 0:00:16]} 34. g3 {[%emt 0:00:06]} b4 {[%emt 0:00:13]} 35. d6+ {[%emt 0:00:03]} Kd8 {[%emt 0:00:06]} 36. Rd4 {[%emt 0:00:20]} Ne3 {[%emt 0:01:13]} 37. Bh3 {[%emt 0:00:34]} Rc4 {[%emt 0:00:10]} 38. Rd3 {[%emt 0:00:08]} Nf5 {[%emt 0:00:19]} 39. Bf1 {[%emt 0:01:31]} b3 {[%emt 0:00:31]} 40. Rd1 {[%emt 0:00:20]} Rd4 {[%emt 0:00:24]} 41. Rxd4 {[%emt 0:00:48]} Nxd4 {[%emt 0:00:01]} 42. Bc4 {[%emt 0:00:01]} Bb1 {[%emt 0:01:43]} 43. Bxf7 {[%emt 0:00:19]} b2 {[%emt 0:00:28]} 44. e6 {[%emt 0:00:04]} Nxe6 {[%emt 0:00:22]} 45. Bxe6 {[%emt 0:00:01]} Bf5 {[%emt 0:00:09]} 46. Ba2 {[%emt 0:00:04]} Kd7 {[%emt 0:00:08]} 47. g4 {[%emt 0:00:14]} b1=Q+ {[%emt 0:00:05]} 48. Bxb1 {[%emt 0:00:02]} Bxb1 {[%emt 0:00:01]} 49. Kf2 {[%emt 0:00:04]} Kxd6 {[%emt 0:00:04]} 50. Kf3 {[%emt 0:00:04]} Kd5 {[%emt 0:00:13]} 51. h4 {[%emt 0:00:15]} Kd4 {[%emt 0:00:15]} 52. h5 {[%emt 0:00:31]} gxh5 {[%emt 0:00:09]} 53. gxh5 {[%emt 0:00:04]} Bf5 {[%emt 0:00:03]} 0-1

[Event "ESP-ch Rapid 2018"]
[Site "Linares"]
[Date "2018.08.19"]
[Round "3"]
[White "Galvez Extremera, Francisco"]
[Black "Fernandez Diaz, Ignacio"]
[Result "0-1"]
[WhiteElo "2142"]
[BlackElo "2071"]
[Annotator "TA"]
[PlyCount "52"]
[EventDate "2018.08.19"]
[EventType "team-tourn"]
[EventCountry "ESP"]
[SourceTitle "playchess.com"]
[Source "ChessBase"]
[SourceQuality "1"]

{[%evp 17,52,0,0,0,0,0,0,0,0,3,12,-30,-30,-12,-21,-44,-37,-42,-45,-58,-49,-49,-52,-43,-43,-57,-54,-437,-443,-430,-425,-448,-445,-448,-433,-482,-483]} 1. e4 e5 2. Nf3 Nc6 3. Nc3 Nf6 4. d4 exd4 5. Nd5 Be7 6. Bf4 d6 7. Nxd4 Nxd5 8. exd5 Nxd4 9. Qxd4 Bf6 {LiveBook: 5 Games} 10. Qe3+ {C47: Scotch Four Knights and Four Knights with 4 g3} (10. Qe4+ Qe7 11. Qxe7+ Kxe7 12. O-O-O Bf5 13. f3 h5 14. h4 a6 15. Re1+ Kd7 16. Bg5 Bxg5+ 17. hxg5 Rae8 18. Rxe8 Rxe8 19. Kd2 Re5 20. c4 g6 21. g3 c6 22. Bg2 c5 {½-½ (22) Cernousek,L (2375)-Kholmov,R (2430) Olomouc 2005}) 10... Qe7 11. O-O-O Qxe3+ 12. Bxe3 {The position is equal.} O-O 13. Bb5 $146 ({Predecessor:} 13. Be2 Bd7 14. g4 Rfe8 15. Bf3 a5 16. h4 Be5 17. Rhe1 {½-½ (17) Bednar,J (2315)-Rachela,M (2265) Zvolen 2000}) 13... a6 {[%cal Ba7a6,Ba6a5][%mdl 32]} 14. Ba4 b5 15. Bb3 a5 {[#] And now ...a4 would win.} 16. a4 Bg4 17. f3 Bd7 18. axb5 {Black should prevent Ba4.} a4 $36 {[%mdl 2048] Black is more active.} 19. Bc4 a3 20. bxa3 Rxa3 {[#] ( -> ...Bc3)} 21. Kd2 $1 Re8 22. Bd3 $2 {[%mdl 8192]} (22. Bb3 $1 $15) 22... Bc3+ $19 {Black is clearly winning.} 23. Ke2 Bd4 $1 24. Bxh7+ Kxh7 25. Rxd4 Raxe3+ 26. Kf2 Re2+ {Precision: White = 40%, Black = 76%.} 0-1

[Event "ESP-ch Rapid 2018"]
[Site "Linares"]
[Date "2018.08.19"]
[Round "3"]
[White "Arjol Lopez, Daniel"]
[Black "Santos Ruiz, Miguel"]
[Result "0-1"]
[WhiteElo "2137"]
[BlackElo "2517"]
[Annotator "TA"]
[PlyCount "118"]
[EventDate "2018.08.19"]
[EventType "team-tourn"]
[EventCountry "ESP"]
[SourceTitle "playchess.com"]
[Source "ChessBase"]
[SourceQuality "1"]

{[%evp 15,118,0,0,0,0,0,0,0,0,0,0,0,0,0,0,-4,0,0,0,0,0,-10,0,0,22,0,0,0,0,0,0,0,6,6,6,0,12,0,0,0,0,0,0,0,0,0,0,-72,-81,-69,-60,-83,-72,-79,-38,-27,0,0,0,-83,-79,-83,-8,-8,-29,-17,-8,-8,-8,-8,0,0,0,0,0,0,-8,-152,-134,-141,0,0,0,0,489,442,448,0,0,0,0,-702,-515,-29968,-29969,-29972,-29969,-29970,-29971,-29979,-29980,-6079,-5128,-5089,-2010]} 1. c4 e5 2. Nc3 Nf6 3. g3 Bb4 4. Nd5 Nxd5 5. cxd5 O-O 6. a3 {A22: English Opening: 1...e5 2 Nc3 Nf6} Bc5 7. Bg2 c6 8. e3 cxd5 {LiveBook: 3 Games} 9. d4 $146 ({Predecessor:} 9. Bxd5 Nc6 10. Ne2 Bb6 11. O-O Ne7 12. Bg2 d5 13. d3 Bg4 14. h3 {½-½ (43) Sypien,M (2245)-Schenk,A (2507) Hammelburg 2009}) 9... exd4 10. exd4 Bb6 11. Ne2 Nc6 12. O-O d6 13. Be3 Bg4 14. h3 Bxe2 15. Qxe2 Bxd4 16. Bxd4 Nxd4 17. Qd3 Qb6 18. Rad1 Nc6 19. Bxd5 Ne5 (19... Rac8 {is more complex.} 20. Be4 h6 21. Rd2 Rfe8 22. Rfd1 Rcd8) 20. Qb3 (20. Qd4 {feels hotter.} Qb5 21. Rd2 a5 22. Rfd1 Rac8 23. a4) 20... Qxb3 21. Bxb3 Rfd8 22. Rd5 Kf8 23. Rfd1 Ke7 24. f4 Nc6 25. Re1+ Kd7 26. Red1 Ke7 27. Re1+ Kf8 28. Red1 Rac8 29. Rxd6 Rxd6 30. Rxd6 $11 {[%mdl 4096] Endgame KRB-KRN} Na5 31. Rd3 (31. Bd1 $11) 31... Rc1+ $1 $17 32. Kf2 Rb1 $1 {[%cal Rb1b2]} 33. Bd5 Rxb2+ 34. Ke3 b6 35. Rc3 {Rc7 is the strong threat.} Rb5 36. Kd4 Ke7 37. Ke5 (37. Re3+ $11 {remains equal.} Kf6 38. g4) 37... f6+ 38. Ke4 Rc5 (38... Kd6 $17 39. Bg8 Nb7) 39. Rxc5 $11 bxc5 {KB-KN} 40. Bg8 Kd6 41. Bxh7 Nc4 42. a4 a5 43. Bg8 Nb6 44. Bb3 $1 c4 45. Bc2 $1 Kc5 {Black wants to play ...Nd5.} 46. g4 (46. h4 $1 $11) 46... Kb4 $1 $17 {[%cal Rb4c3]} 47. Kd4 {[#]} c3 (47... g5 $1 $17 48. Bf5 c3 49. fxg5 fxg5) 48. g5 $11 fxg5 ({But not} 48... Nxa4 $2 49. gxf6 Nc5 50. f7 $18) 49. fxg5 {With the idea h4.} Nd7 $2 {[%mdl 8192]} (49... Nc4 $11) 50. h4 $18 Nc5 {[#] intending ...Ne6+.} 51. g6 $2 (51. Ke5 $1 $18) 51... Nd7 $1 $11 52. h5 Nf6 $1 {[%cal Rf6h5]} 53. Bd1 $2 {[%mdl 8192] [#]} (53. h6 $11 gxh6 54. g7) 53... Nxh5 $1 $19 {[%mdl 512]} 54. Ke5 (54. Bc2 $19 Nf4 55. Ke5 Nxg6+ 56. Kd4) (54. Bxh5 c2) 54... Ka3 55. Kd4 Kb2 56. Kc5 Nf4 57. Kb5 Nd3 58. Kc4 Ne5+ 59. Kb5 {[#]} Ng4 $1 {[%mdl 512] Precision: White = 57%, Black = 61%.} 0-1